=LDR 00000nam 2200000 4500 =001 INLIS000000000029035 =005 20200901090658 =035 ##$$a 0010-061300000029035 =008 200901################g##########0#ind## =041 ##$$a ind =082 ##$$a 301.159 803 =090 ##$$a 301.159 803, PEL m =100 ##$$a Pelras, Christian =245 1#$$a Manusia Bugis /$c Christian Pelras, penerjemah,Abdul Rahman Abu,Hasriadi,Nurhadi Sirimorok =260 ##$$a Jakarta :$b Nalar,$c 2006. =300 ##$$a xxxix, 397 hlm. : $b ilus ; $c 21 x 15 cm =650 #4$$a Manusia bugis-Antropologi =850 ##$$a NBPNMAT =020 ##$$a 979-99395-0-x =084 ##$$a 301.159 803 PEL m =700 #$$a Abdul Rahman Abu,Hasriadi, =700 #$$a Nurhadi Sirimorok =700 #$$a Nurhadi Sirimorok =504 ##$$a Indeks :hlm.399-408 =520 ##$$a Bibliografi :hlm.409-449 =990 ##$$a 30617945